000 00567nam a2200193Ia 4500
008 151121s9999||||xx |||||||||||||| ||und||
082 _a814 / पै
082 _bHNW-78337
100 _aपै शिरीष
245 _aहाती शिल्लक
260 _b"अनुभव प्रकाशन, मुंबई।"
260 _c--
300 _a240
600 _aपै शिरीष
630 _aहाती शिल्लक
700 _aपै शिरीष
730 _aहाती शिल्लक
942 _cBOOK
999 _c1259743
_d1259740